000 00753nam a2200241Ia 4500
003 OSt
005 20220930065447.0
006 a|||||r|||| 00| 0
007 ta
008 220926b |||||||| |||| 00| 0 eng d
024 _a5641
037 _cTheses
040 _aCRL
_cCRL
_beng
041 _2eng
_aeng
100 _aMashouri Ghodratollah
_9525918
110 _aUniversity of Delhi. Faculty of Mathematical Sciences. Department of Statistics
_9519382
245 0 _aContributions to residual treatment effects designs
260 _c1992
650 _aPROBABILITIES
700 _aUniversity of Delhi. Faculty of Mathematical Sciences. Department of Statistics
_9519387
942 _cDIS
_2CC
999 _c859584
_d859584